Statistics for Supernatural TV Show - Character Quotes

Click here to take the quiz!

General Stats

  • This quiz has been taken 3,123 times
  • The average score is 9 of 12

Answer Stats

Hint Answer % Correct
Family don't end in blood, boy.Bobby
99%
Honestly I think the world's going to end bloody, but that doesn't mean we shouldn't fight. We do have choices & I choose to go down swingin'.Dean
99%
It's was night, and now it's day.Sam
97%
I suggest we imbibe copious amounts of alcohol & wait for the inevitable blast wave.Castiel
94%
Never underestimate the King of Hell darling, I know a lot of swell tricks.Crowley
94%
Sweetheart, if this is our last night on earth, I'm going to spend it with a little thing I call self-respect.Jo
84%
Sorry if it's a bit chilly, most people think I burn hot. It's actually quite the opposite.Lucifer
82%
Demon? Manipulative's kinda in the job description.Ruby
71%
You have me confused with the other angel. You know, the one in the dirty trench coat who's in love with you?Balthazar
66%
You know, when this is over, we should really have angry sex.Bela
45%
Bud light & beer nuts, best smell in the world.Ash
34%
I am the weapons keeper of heaven.Virgil
21%

Score Distribution

Percentile by Number Answered

Percent of People with Each Score

Your Score History

You have not taken this quiz